| 000 | 00696cac a22001931u 4500 | ||
|---|---|---|---|
| 090 | _c7334 | ||
| 008 | 090112t 1997xxu||||| |||| 00| 0 eng d | ||
| 020 | _a0749425679 (pbk) | ||
| 082 |
_a658.1502855369 _bNUG |
||
| 100 | _aNugus, Sue. | ||
| 245 |
_aFinancial planning using spreadsheets : _b forecasting, planning & budgeting techniques / _c Sue Nugus |
||
| 260 |
_aLondon : _b Kogan Page, _c1997 |
||
| 260 | _bDistributer: Al-Ahram | ||
| 300 |
_axiv,204p. : _b ill. ; _c 24cm+ _e1 computer disc (4 3/4 in.) |
||
| 500 | _aIncludes index. | ||
| 650 | _aElectronic spreadsheets. | ||
| 710 | _aChartered Institute of Management Accountants. | ||
| 942 |
_cBB _k658.1502855369NUG _2ddc |
||
| 999 |
_c7334 _d7334 |
||